Tìm hiểu đường lối đối ngoại của Đảng Cộng sản Việt Nam trước và sau đổi mới : Báo cáo tổng kết đề tài nghiên cứu khoa học và công nghệ cấp trường năm 2011 /
Guardat en:
| Autor principal: | |
|---|---|
| Format: | Thesis |
| Idioma: | Vietnamese |
| Publicat: |
Đà Lạt :
Trường Đại học Đà Lạt,
2011.
|
| Matèries: | |
| Etiquetes: |
Afegir etiqueta
Sense etiquetes, Sigues el primer a etiquetar aquest registre!
|
| Thư viện lưu trữ: | Thư viện Trường Đại học Đà Lạt |
|---|
| LEADER | 00964nam a2200277 4500 | ||
|---|---|---|---|
| 001 | DLU120144268 | ||
| 005 | ##20121129 | ||
| 040 | # | # | |a DLU |b vie |
| 041 | # | # | |a vie |
| 044 | # | # | |a vn |
| 082 | # | # | |a 327.597 |b HO-C |
| 100 | # | # | |a Hồ Ngọc Châu. |
| 245 | # | # | |a Tìm hiểu đường lối đối ngoại của Đảng Cộng sản Việt Nam trước và sau đổi mới : |b Báo cáo tổng kết đề tài nghiên cứu khoa học và công nghệ cấp trường năm 2011 / |c Hồ Ngọc Châu. |
| 260 | # | # | |a Đà Lạt : |b Trường Đại học Đà Lạt, |c 2011. |
| 300 | # | # | |a 67 tr. ; |c 30 cm. |
| 504 | # | # | |a Tài liệu tham khảo: tr.66. |
| 653 | # | # | |a Quan hệ ngoại giao |a Chính sách đối ngoại |a Đảng Cộng sản Việt Nam |a Đổi mới tư duy |
| 992 | # | # | |a 0 |
| 994 | # | # | |a DLU |
| 900 | # | # | |a True |
| 911 | # | # | |a Đào Thị Thu Huyền |
| 925 | # | # | |a G |
| 926 | # | # | |a A |
| 927 | # | # | |a LA |
| 980 | # | # | |a Thư viện Trường Đại học Đà Lạt |